000 00569nam a2200157 a 4500
008 120416s1987 ||||||||||||||||| || u
050 _aQA 404 Chu
100 _aChurchill, Ruel V
245 1 0 _aFourier series and bondary value problems
260 _aNew York
_bMcGraw-Hill
_c1987
300 _ax, 292p. : ill.
350 _a0.00
650 _aFOURIER SERIES
650 0 _aMATHEMATICS--HANDBOOKS, MANUALS, ETC
995 _D0.00
_FCBU-MAIN LIBRARY (Kitwe)
_H1
_I0.00
_M1
_UAVAILABLE
_ZMain Library Open Access Collection
999 _c43932
_d43932